Statistics for Top 100 Pittsburgh Steelers of All Time

Click here to take the quiz!

General Stats

  • This quiz has been taken 57 times
  • The average score is 31 of 100

Answer Stats

PositionPlayer% Correct
QBBen Roethlisberger
95%
QBTerry Bradshaw
93%
WRAntonio Brown
91%
LBKevin Greene
88%
RBFranco Harris
86%
STroy Polamalu
84%
LBChad Brown
81%
TE/OTLarry Brown
81%
WRHines Ward
77%
WRLynn Swann
74%
LBJack Lambert
72%
DT"Mean Joe" Greene
70%
LBJames Harrison
67%
CBMel Blount
67%
CBRod Woodson
67%
RBJerome Bettis
65%
LBJack Ham
63%
LBKendrell Bell
58%
CMaurkice Pouncey
58%
DEAaron Smith
56%
TEHeath Miller
56%
WRJohn Stallworth
56%
OTMarvel Smith
56%
CMike Webster
53%
DEL.C. Greenwood
49%
RBJohn Henry Johnson
47%
GAlan Faneca
42%
DEDwight White
40%
LBJoey Porter
40%
QBKordell Stewart
40%
WRSantonio Holmes
40%
RBWillie Parker
40%
CDermontti Dawson
37%
DTErnie Holmes
37%
KGary Anderson
37%
DLGerald Williams
37%
NTCasey Hampton
33%
SDonnie Shell
33%
QBNeil O'Donnell
33%
WRPlaxico Burress
30%
RBBarry Foster
28%
CBIke Taylor
28%
OTJohn Jackson
28%
WRLouis Lipps
28%
WRMike Wallace
28%
WRAntawaan Randle El
26%
DEBrett Keisel
26%
SRyan Clark
26%
LBGreg Lloyd
23%
DBClendon Thomas
21%
DLErnie Stautner
21%
CBJ.T. Thomas
21%
RBRobert "Rocky" Bleier
21%
LBAndy Russell
19%
LBJames Farrior
19%
LBLawrence Timmons
19%
OGSam Davis
19%
SCarnell Lake
16%
LBJason Gildon
16%
LBLarry Foote
16%
LBLevon Kirkland
16%
SMike Wagner
16%
RBRashard Mendenhall
16%
QBTommy Maddox
16%
WRYancey Thigpen
16%
SGlen Edwards
14%
OTJon Kolb
14%
LBLaMarr Woodley
14%
LBMike Merriweather
14%
LBRobin Cole
14%
TEBennie Cunningham
12%
RBMerrill Hoge
12%
OTTunch Ilkin
12%
PBobby Walden
9%
LBDavid Little
9%
CBDwayne Woodruff
9%
LBHardy Nickerson
9%
DBJack Butler
9%
NTJoel Steed
9%
DLKeith Willis
9%
HB/ERay Matthews
9%
WRRoy Jefferson
9%
LBBryan Hinkle
7%
LBClark Haggans
7%
SDarren Perry
7%
CJeff Hartings
7%
RBJohn Fuqua
7%
DEKeith Gary
7%
SEBuddy Dial
5%
RBDick Hoak
5%
TEElbie Nickel
5%
RBFrank Pollard
5%
DLKimo von Oelhoffen
5%
LBMyron Pottios
5%
C/DTRay Mansfield
5%
DEBill McPeak
2%
LBDale Dodrill
2%
OTFrank Varrichione
2%
FB/LBJerry Shipkey
2%
LBJohn Reger
2%

Score Distribution

Percentile by Number Answered

Percent of People with Each Score

Your Score History

You have not taken this quiz